00782nam a22002297a 450000500170000001000110001702000220002803500110005003700160006104000120007708200110008910000270010024500460012726000430017327000310021630000280024765000300027565000540030594200200035999900190037995201540039820170124110058.0 a963392 c00.00a041646730X a963392 bCen Lib/Ret aDPLbEN aSbNOO aNoonan, Michael926833 aThe invincible Mr Az /cby Michael Noonan aLondonbMethuen Children's Booksc1978 a11 New Fetter LanebLondon a189p. :c19cm(Hb)bill. aChildren's stories926834 aChildren's stories in English, 1900- Texts926835 2ddccENhSmNOO c129593d129593 04104070aLbLd2015-07-07eCen Lib/Retg0.00l0oS NOOp963392r2015-07-07 00:00:00t1v0.00w2015-07-07yENzW/d List No. 6853/9 ; dtd 21/07/2020